[Event "CRO-chT U20 18th"]
[Site "Sv Filip i Jakov"]
[Date "2009.04.18"]
[Round "9"]
[White "Elez, Ivan"]
[Black "Blazeka, Matej"]
[Result "0-1"]
[WhiteElo "1889"]
[BlackElo "2013"]
[PlyCount "100"]
[EventDate "2009.04.14"]
[EventType "team-tourn"]
[EventRounds "11"]
[EventCountry "CRO"]
[SourceTitle "CBM 129 Extra"]
[Source "ChessBase"]
[SourceDate "2009.05.05"]
[SourceVersion "2"]
[SourceVersionDate "2009.05.20"]
[SourceQuality "1"]

1. d4 Nf6 2. c4 g6 3. Nc3 Bg7 4. e4 d6 5. f3 0-0 6. Be3 e5 7. d5 Nbd7 8. Qd2 Qe7 9. 0-0-0 Nb6 10. g4 h5 11. h3 Kh7 12. Bg5 Qe8 13. Kb1 a6 14. Bd3 Rh8 15. Nge2 Kg8 16. Rdg1 Kf8 17. Ng3 Nbd7 18. Be2 Rb8 19. Rf1 h4 20. Nf5 gxf5 21. gxf5 Nh5 22. Bxh4 Nf4 23. Bg5 Bh6 24. Rfg1 Bxg5 25. Rxg5 Nf6 26. Bf1 Ke7 27. h4 N6h5 28. Rhg1 Qf8 29. Qf2 Bd7 30. c5 f6 31. R5g4 c6 32. cxd6+ Kxd6 33. Qb6 Ke7 34. Bc4 Rc8 35. Rg8 Rxg8 36. Rxg8 Qxg8 37. d6+ Kxd6 38. Bxg8 Rxg8 39. Qxb7 Bc8 40. Qb4+ Kc7 41. Qc5 Rg2 42. Na4 Rg7 43. Qa7+ Bb7 44. Nc5 Kc8 45. Qb6 Ne2 46. Ne6 Rd7 47. Qb4 Kb8 48. a3 Nd4 49. Nc5 Rg7 50. Nxa6+ Ka7 0-1

[Event "CRO-chT U20 18th"]
[Site "Sv Filip i Jakov"]
[Date "2009.04.14"]
[Round "1"]
[White "Elez, Ivan"]
[Black "Dujic, Davor"]
[Result "1-0"]
[WhiteElo "1889"]
[BlackElo "1563"]
[PlyCount "53"]
[EventDate "2009.04.14"]
[EventType "team-tourn"]
[EventRounds "11"]
[EventCountry "CRO"]
[SourceTitle "CBM 129 Extra"]
[Source "ChessBase"]
[SourceDate "2009.05.05"]
[SourceVersion "2"]
[SourceVersionDate "2009.05.20"]
[SourceQuality "1"]

1. d4 d5 2. c4 c6 3. Nc3 Nf6 4. Nf3 e6 5. e3 Nbd7 6. Bd3 dxc4 7. Bxc4 b5 8. Bd3 a6 9. 0-0 c5 10. Qe2 Bb7 11. Rd1 Qc7 12. h3 Bd6 13. dxc5 Nxc5 14. Bxb5+ Bc6 15. Bxc6+ Qxc6 16. Nd4 Qb6 17. a3 Nfe4 18. Nxe4 Nxe4 19. Qg4 Nf6 20. Qf3 0-0 21. b4 Rac8 22. Bb2 Rfd8 23. Rac1 a5 24. Nc6 axb4 25. Rxd6 Rxd6 26. Ne7+ Kf8 27. Nxc8 1-0

[Event "Osijek op"]
[Site "Osijek"]
[Date "2005.02.12"]
[Round "2"]
[White "Imsirovic, Alen"]
[Black "Elez, Ivan"]
[Result "1/2-1/2"]
[WhiteElo "1657"]
[BlackElo "1863"]
[PlyCount "27"]
[EventDate "2005.02.12"]
[EventType "swiss"]
[EventRounds "9"]
[EventCountry "CRO"]
[SourceTitle "EXT 2006"]
[Source "ChessBase"]
[SourceDate "2005.11.24"]
[SourceVersion "1"]
[SourceVersionDate "2005.11.24"]
[SourceQuality "1"]

1. e4 e6 2. Nc3 d5 3. exd5 exd5 4. d4 Bb4 5. Nf3 Nf6 6. Bd3 0-0 7. 0-0 Bg4 8. h3 Be6 9. Bd2 c6 10. Re1 Re8 11. a3 Ba5 12. b4 Bb6 13. Ne2 Nbd7 14. Nf4 1/2-1/2

[Event "Osijek op"]
[Site "Osijek"]
[Date "2004.02.06"]
[Round "7"]
[White "Skrobic, Branko"]
[Black "Elez, Ivan"]
[Result "1-0"]
[WhiteElo "1854"]
[BlackElo "1699"]
[PlyCount "23"]
[EventDate "2004.01.??"]
[EventType "swiss"]
[EventRounds "9"]
[EventCountry "CRO"]
[SourceTitle "EXT 2005"]
[Source "ChessBase"]
[SourceDate "2004.11.15"]
[SourceVersion "1"]
[SourceVersionDate "2004.11.15"]
[SourceQuality "1"]

1. d4 d5 2. c4 dxc4 3. Nc3 Nf6 4. e4 e5 5. d5 Bb4 6. Qa4+ Nc6 7. dxc6 Bxc3+ 8. bxc3 0-0 9. Qxc4 b6 10. Bg5 h6 11. Bh4 Qd6 12. Rd1 1-0

[Event "Osijek op"]
[Site "Osijek"]
[Date "2004.02.05"]
[Round "6"]
[White "Elez, Ivan"]
[Black "Djaic, Kristijan"]
[Result "1-0"]
[WhiteElo "1699"]
[BlackElo "1600"]
[PlyCount "51"]
[EventDate "2004.01.??"]
[EventType "swiss"]
[EventRounds "9"]
[EventCountry "CRO"]
[SourceTitle "EXT 2005"]
[Source "ChessBase"]
[SourceDate "2004.11.15"]
[SourceVersion "1"]
[SourceVersionDate "2004.11.15"]
[SourceQuality "1"]

1. d4 d5 2. c4 c6 3. Nc3 Nf6 4. Bg5 e6 5. Nf3 Be7 6. Rc1 0-0 7. e3 h6 8. Bh4 Nbd7 9. Bd3 Bd6 10. 0-0 Qc7 11. Qd2 b6 12. cxd5 Nxd5 13. Nb5 Qb8 14. Nxd6 Qxd6 15. Bg3 Qb4 16. Rxc6 Qxd2 17. Nxd2 Bb7 18. Rcc1 Nb4 19. Bc4 a6 20. Bd6 Nxa2 21. Bxa2 Rfd8 22. Rc7 Nf6 23. Rxb7 Rxd6 24. Rc1 Nd5 25. Bxd5 exd5 26. Rcc7 1-0

[Event "Osijek op"]
[Site "Osijek"]
[Date "2004.02.02"]
[Round "3"]
[White "Marjanovic, Marinko"]
[Black "Elez, Ivan"]
[Result "1-0"]
[WhiteElo "1955"]
[BlackElo "1699"]
[PlyCount "75"]
[EventDate "2004.01.??"]
[EventType "swiss"]
[EventRounds "9"]
[EventCountry "CRO"]
[SourceTitle "EXT 2005"]
[Source "ChessBase"]
[SourceDate "2004.11.15"]
[SourceVersion "1"]
[SourceVersionDate "2004.11.15"]
[SourceQuality "1"]

1. e4 e5 2. Nf3 Nc6 3. Bc4 Bc5 4. 0-0 Nf6 5. d3 d6 6. h3 h6 7. Nc3 Be6 8. Bxe6 fxe6 9. Na4 Bb4 10. c3 Ba5 11. b4 Bb6 12. Nxb6 axb6 13. Nh2 0-0 14. Ng4 Kh7 15. Qe2 Qe7 16. Bb2 Nxg4 17. Qxg4 Rf4 18. Qe2 Raf8 19. Bc1 R4f6 20. a4 Rg6 21. Kh2 Rgf6 22. Ra2 Na7 23. b5 c6 24. d4 exd4 25. cxd4 e5 26. Be3 exd4 27. Bxd4 Rf4 28. Bxb6 Nc8 29. Be3 Rxe4 30. Qd3 Kh8 31. bxc6 bxc6 32. a5 Rxe3 33. fxe3 Rxf1 34. Qxf1 Qe5+ 35. Kh1 Kg8 36. Rf2 Qe8 37. Qc4+ d5 38. Qb3 1-0

[Event "Osijek op"]
[Site "Osijek"]
[Date "2004.02.01"]
[Round "2"]
[White "Pavlovic, Vladimir"]
[Black "Elez, Ivan"]
[Result "1-0"]
[WhiteElo "1923"]
[BlackElo "1699"]
[PlyCount "47"]
[EventDate "2004.01.??"]
[EventType "swiss"]
[EventRounds "9"]
[EventCountry "CRO"]
[SourceTitle "EXT 2005"]
[Source "ChessBase"]
[SourceDate "2004.11.15"]
[SourceVersion "1"]
[SourceVersionDate "2004.11.15"]
[SourceQuality "1"]

1. d4 d5 2. c4 dxc4 3. e3 e6 4. Bxc4 c5 5. Nc3 Nf6 6. Nf3 a6 7. a4 Nc6 8. 0-0 Be7 9. Bd3 Nb4 10. Bb1 0-0 11. Ng5 h6 12. Nge4 Qb6 13. dxc5 Bxc5 14. Nxf6+ gxf6 15. Qh5 Kg7 16. a5 Qc6 17. e4 Rh8 18. Rd1 b6 19. axb6 Bxb6 20. Qh4 Bb7 21. Qg3+ Kh7 22. Qf4 Kg7 23. Qg3+ Kh7 24. Nd5 1-0